Top 100 Geometry Dash Players - Statistics

General Stats
  • This quiz has been taken 21 times
  • The average score is 27 of 100
Answer Stats
# Country Player % Correct
1 USA Zoink
100%
2 USA Trick
93%
3 USA wPopoff
93%
5 USA Netermind
87%
6 Portugal Taiago
87%
22 USA Doggie
67%
4 USA Thnnder
67%
68 Canada Zeronium
60%
7 New Zealand zLevii
60%
23 UK Cursed
53%
12 UK Whizkid05
53%
11 Spain eastshark
47%
71 Canada RG
47%
13 Ukraine SerVax
47%
49 Spain CuatrocientosYT
40%
26 Austria Hover
40%
15 UK iIiLaSeRiIi
40%
9 Finland kloone
40%
14 South Korea Laniakea
40%
8 Russia Nickname09
40%
25 Romania Quivert
40%
39 Hungary Serpentical
40%
55 South Korea Seturan
40%
21 Russia Vorten
40%
65 Russia A6
33%
35 Russia Arshadow
33%
45 Estonia Breakcore
33%
29 Brazil DibiiziCookie
33%
42 Finland Jerpaa
33%
28 Netherlands JesseGamingGD
33%
27 Germany Mizukii
33%
88 USA paqoe
33%
34 South Korea PoCle
33%
20 Australia SnowBallerr
33%
24 Russia teraaa
33%
57 Peru Abdieldevil
27%
53 Denmark Axinity
27%
95 South Korea Baeru
27%
32 USA cobrablitz
27%
40 Argentina Franzy
27%
63 Argentina Hipo
27%
19 Romania Kaza
27%
66 France Litoks
27%
16 Moldova loliklee
27%
37 Canada Nexel
27%
36 Russia ROZE
27%
18 USA skzyl
27%
10 Spain Superjavicon
27%
17 Australia ViperVenom95
27%
60 USA Bigthunder556
20%
33 USA Cookie
20%
93 Russia fallen
20%
38 Canada Finley
20%
51 USA fusion425
20%
41 USA Hqmy
20%
69 USA Johnlikediamond
20%
59 Serbia Kole
20%
48 USA Kopre
20%
61 Australia LAMINGTON
20%
72 Japan MeQ8cNv43s6A
20%
54 Italy Paliermu
20%
86 Chile PaltaDash
20%
44 Chile Perrix47
20%
52 Australia PersonHuman42
20%
62 South Korea PIkil
20%
80 Canada Slaughter
20%
73 Russia BONN GD
13%
87 Czechia Brumik
13%
90 USA Cryonix6000
13%
64 USA DJ1482
13%
74 Mexico Donei GD
13%
82 Belgium el terror
13%
46 Chile manu
13%
89 Spain TheTerrBonnie
13%
43 USA theworldofme
13%
70 Norway Tunax
13%
47 USA turtle
13%
31 Russia w3rty
13%
30 USA WaterBottle317
13%
67 USA Albert
7%
85 Canada cudby
7%
98 USA ezvie
7%
96 Spain GuillExprex52
7%
99 Australia MrOozer
7%
76 USA NordstromUSA
7%
83 Italy notd4n1
7%
50 USA Sharkified
7%
79 USA stillsouless
7%
58 Russia takma
7%
75 USA Vikings
7%
92 South Korea Blebae
0%
81 USA ColossalOrange
0%
84 USA Gamerdude1076
0%
78 Finland GGonop
0%
97 Brazil gotsmile
0%
94 Ukraine I1nxxd
0%
100 Netherlands JannisTE
0%
91 Spain miguel6456
0%
56 USA Modlini
0%
77 Spain weyolll3
0%
No matching quizzes found
Score Distribution
Percent of People with Each Score
Percentile by Number Answered
Your Score History
You have not taken this quiz